Revista Latinoamericana de bioética

Detalles Bibliográficos
Autor Corporativo: Universidad Militar Nueva Granada
Formato: Electrónico Revista
Lenguaje:español
Publicado: [Bogota, Colombia] : Universidad Militar Nueva Granada
Materias:
Acceso en línea:Full text available from PRISMA Database with HAPI Index: 06/01/2012 to 01/31/2017

MARC

LEADER 00000nas a2200000 a 4500
001 ssj0000395022
003 WaSeSS
005 20200512172242.0
006 m d
007 cr n
008 101005cuuuu9999ck || p|s||||||||||0spa|d
035 |a (WaSeSS)ssj0000395022 
040 |a WaSeSS  |c WaSeSS  |d WaSeSS 
043 |a cl----- 
050 4 |a QH332 
245 0 0 |a Revista Latinoamericana de bioética  |h [electronic resource]. 
260 |a [Bogota, Colombia] :  |b Universidad Militar Nueva Granada 
310 |a Semiannual 
362 1 |a Began in 2001. 
506 |a License restrictions may limit access. 
588 |a Description based on: Vol. 8, no. 13 (jul./dic. 2007); title from volume contents page (Redalyc, viewed Oct. 5, 2010). 
588 |a Latest issue consulted: Vol. 12, N{acute}um. 2 (julio/diciembre 2012) (viewed Sept. 16, 2013). 
650 0 |a Bioethics  |v Periodicals. 
655 0 |a Electronic journals. 
710 2 |a Universidad Militar Nueva Granada. 
776 0 8 |i Also issued in print:   |t Revista Latinoamericana de bioética  |x 1657-4702 
856 4 0 |z Full text available from PRISMA Database with HAPI Index: 06/01/2012 to 01/31/2017  |u https://search.proquest.com/publication/2044549